Carregant...

On the origin of spiecies

Dades bibliogràfiques
Autor principal: Darwin, C.
Format: Printed Book
Idioma:English
Publicat: New York Athencum 1967
Edició:1st ed
Matèries:
LEADER 00518nam a22001697a 4500
005 20151215125500.0
008 091221t xxu||||| |||| 00| 0 eng d
082 |a 576.8  |b DAR 
100 |a Darwin, C.  |9 13681 
245 |a On the origin of spiecies 
250 |a 1st ed 
300 |a xxvii, 502p. 
653 |a Origin of Species 
942 |c BK  |6 _ 
260 |a New York  |b Athencum  |c 1967 
999 |c 105110  |d 105110 
952 |0 0  |1 0  |2 ddc  |4 0  |6 5768_DAR  |7 0  |9 132540  |a SMS  |b SMS  |c GEN  |d 2009-12-21  |o 576.8 DAR  |p SMS005161  |r 2009-12-21  |w 2009-12-21  |y BK